The Archaeology of Elam (Record no. 575771)

MARC details
000 -LEADER
fixed length control field 01320nam a2200169Ia 4500
008 - FIXED-LENGTH DATA ELEMENTS--GENERAL INFORMATION
fixed length control field 250714s9999 xx 000 0 und d
020 ## - INTERNATIONAL STANDARD BOOK NUMBER
ISBN 9780521564960
082 ## - DEWEY DECIMAL CLASSIFICATION NUMBER
Classification number 935
Item number POT
100 ## - MAIN ENTRY--AUTHOR NAME
Personal name Potts, D. T.
245 #4 - TITLE STATEMENT
Title The Archaeology of Elam
260 ## - PUBLICATION, DISTRIBUTION, ETC. (IMPRINT)
Name of publisher Cambridge University Press
Year of publication 1999
300 ## - PHYSICAL DESCRIPTION
Number of Pages 528 pages
500 ## - GENERAL NOTE
General note From the middle of the 3rd millennium BC until the coming of Cyrus the Great, southwestern Iran was referred to in Mesopotamian sources as the land of Elam. A heterogeneous collection of regions, Elam was home to a variety of groups, alternately the object of Mesopotamian aggression, and aggressors themselves; an ethnic group seemingly swallowed up by the vast Achaemenid Persian empire, yet a force strong enough to attack Babylonia in the last centuries BC. The Elamite language is attested as late as the Medieval era, and the name Elam as late as 1300 in the records of the Nestorian church. This book examines the formation and transformation of Elam's many identities through both archaeological and written evidence, and brings to life one of the most important regions of Western Asia, re-evaluates its significance, and places it in the context of the most recent archaeological and historical scholarship.
650 ## - SUBJECT ADDED ENTRY--TOPICAL TERM
Topical Term History
942 ## - ADDED ENTRY ELEMENTS (KOHA)
Koha item type English Books
Holdings
Withdrawn status Lost status Damaged status Not for loan Home library Current library Shelving location Date acquired Full call number Accession Number Price effective from Koha item type
        Anna Centenary Library Anna Centenary Library 7TH FLOOR, B WING 14.07.2025 935 POT 97405 14.07.2025 English Books

Find us on the map